000 00337nam a2200157Ia 4500
003 0STCL
008 150530s9999 xx 000 0 und d
040 _aSTCL
_cSTCL
100 _aMellor, J.W.
245 _aHigher mathematics
260 _c1950
546 _aEnglish
942 _2ddc
_cBK
999 _c32135
_d32135
005 20220125170236.0